| 000 | 00339nam a22000977a 4500 | ||
|---|---|---|---|
| 999 |
_c509197 _d509197 |
||
| 082 | _aJ4x5451 An24ca/1 | ||
| 100 |
_aAndhra Pradesh. Planning and Co-operation Department _94812 |
||
| 245 |
_aPerspective plan for coastal Andhra _cby Planning and Co-operation Department |
||
| 260 |
_aHyderabad _bGovernment Central Press _c1974 |
||
| 300 | _a671+p. | ||